Scenarios, Stories, Use Cases : (Record no. 14809)
[ view plain ]
| 000 -LEADER | |
|---|---|
| fixed length control field | 02131cam a22004097a 4500 |
| 001 - CONTROL NUMBER | |
| control field | 13908244 |
| 005 - DATE AND TIME OF LATEST TRANSACTION | |
| control field | 20060926144556.0 |
| 008 - FIXED-LENGTH DATA ELEMENTS--GENERAL INFORMATION | |
| fixed length control field | 050322s2004 enka b 001 0 eng d |
| 010 ## - LIBRARY OF CONGRESS CONTROL NUMBER | |
| LC control number | 2005273626 |
| 015 ## - NATIONAL BIBLIOGRAPHY NUMBER | |
| National bibliography number | GBA459268 |
| Source | bnb |
| 016 7# - NATIONAL BIBLIOGRAPHIC AGENCY CONTROL NUMBER | |
| Record control number | 012971358 |
| Source | Uk |
| 020 ## - INTERNATIONAL STANDARD BOOK NUMBER | |
| International Standard Book Number | 0470861940 (pbk.) |
| 020 ## - INTERNATIONAL STANDARD BOOK NUMBER | |
| International Standard Book Number | 9780470861943 |
| 035 ## - SYSTEM CONTROL NUMBER | |
| System control number | (OCoLC)ocm56640755 |
| 040 ## - CATALOGING SOURCE | |
| Original cataloging agency | UKM |
| Transcribing agency | UKM |
| Modifying agency | C#P |
| -- | DLC |
| 042 ## - AUTHENTICATION CODE | |
| Authentication code | lccopycat |
| 050 00 - LIBRARY OF CONGRESS CALL NUMBER | |
| Classification number | QA76.76.D47 |
| Item number | S295 2004 |
| 082 00 - DEWEY DECIMAL CLASSIFICATION NUMBER | |
| Classification number | 005.1 |
| Edition number | 22 |
| Item number | SCE |
| 245 00 - TITLE STATEMENT | |
| Title | Scenarios, Stories, Use Cases : |
| Remainder of title | through the Systems Development Life-Cycle / |
| Statement of responsibility, etc | Edited by Ian Alexander and Neil Maiden. |
| 260 ## - PUBLICATION, DISTRIBUTION, ETC. (IMPRINT) | |
| Place of publication, distribution, etc | Chichester ; |
| -- | Hoboken, NJ : |
| Name of publisher, distributor, etc | Wiley, 2004 |
| Date of publication, distribution, etc | c2004. |
| 300 ## - PHYSICAL DESCRIPTION | |
| Extent | xxiv, 519 p. : |
| Other physical details | ill. ; |
| Dimensions | 24 cm. |
| 504 ## - BIBLIOGRAPHY, ETC. NOTE | |
| Bibliography, etc | Includes bibliographical references and index. |
| 650 #0 - SUBJECT ADDED ENTRY--TOPICAL TERM | |
| Topical term or geographic name as entry element | Computer software |
| General subdivision | Development. |
| 9 (RLIN) | 20925 |
| 650 #0 - SUBJECT ADDED ENTRY--TOPICAL TERM | |
| Topical term or geographic name as entry element | Systems engineering. |
| 9 (RLIN) | 20926 |
| 650 #0 - SUBJECT ADDED ENTRY--TOPICAL TERM | |
| Topical term or geographic name as entry element | Computer software |
| General subdivision | Human factors. |
| 9 (RLIN) | 20927 |
| 650 #0 - SUBJECT ADDED ENTRY--TOPICAL TERM | |
| Topical term or geographic name as entry element | Software engineering. |
| 9 (RLIN) | 20928 |
| 700 1# - ADDED ENTRY--PERSONAL NAME | |
| Personal name | Alexander, Ian |
| Fuller form of name | (Ian F.), |
| Dates associated with a name | 1954- |
| 9 (RLIN) | 20929 |
| 700 1# - ADDED ENTRY--PERSONAL NAME | |
| Personal name | Maiden, Neil. |
| 9 (RLIN) | 20930 |
| 856 42 - ELECTRONIC LOCATION AND ACCESS | |
| Materials specified | Contributor biographical information |
| Uniform Resource Identifier | <a href="http://www.loc.gov/catdir/enhancements/fy0626/2005273626-b.html">http://www.loc.gov/catdir/enhancements/fy0626/2005273626-b.html</a> |
| 856 42 - ELECTRONIC LOCATION AND ACCESS | |
| Materials specified | Publisher description |
| Uniform Resource Identifier | <a href="http://www.loc.gov/catdir/enhancements/fy0626/2005273626-d.html">http://www.loc.gov/catdir/enhancements/fy0626/2005273626-d.html</a> |
| 856 41 - ELECTRONIC LOCATION AND ACCESS | |
| Materials specified | Table of contents only |
| Uniform Resource Identifier | <a href="http://www.loc.gov/catdir/enhancements/fy0626/2005273626-t.html">http://www.loc.gov/catdir/enhancements/fy0626/2005273626-t.html</a> |
| 942 ## - ADDED ENTRY ELEMENTS (KOHA) | |
| Source of classification or shelving scheme | Dewey Decimal Classification |
| Item type | Book - Borrowing |
| Withdrawn status | Item status | Source of classification or shelving scheme | Damaged status | Not for loan | Vendor | Home library | Current library | Shelving location | Date acquired | Source of acquisition | Total Checkouts | Total Renewals | Full call number | Barcode | Date last seen | Date last borrowed | Koha item type |
|---|---|---|---|---|---|---|---|---|---|---|---|---|---|---|---|---|---|
| Dewey Decimal Classification | Baccah | Central Library | Central Library | Lower Floor | 04/11/2010 | 1 | 1 | 005.1 SCE | 000022515 | 15/07/2025 | 04/11/2010 | Book - Borrowing | |||||
| Dewey Decimal Classification | Baccah | Central Library | Central Library | Lower Floor | 04/11/2010 | 1 | 005.1 SCE | 000022513 | 15/07/2025 | 08/12/2010 | Book - Borrowing | ||||||
| Dewey Decimal Classification | Baccah | Central Library | Central Library | Lower Floor | 04/11/2010 | 005.1 SCE | 000022512 | 15/07/2025 | Book - Borrowing |